[Event "Reykjavik op"]
[Site "Reykjavik"]
[Date "2023.04.01"]
[Round "5"]
[White "Karacsonyi, Gellert"]
[Black "Karason, Askell Orn"]
[Result "1-0"]
[WhiteElo "2385"]
[BlackElo "2084"]
[PlyCount "73"]
[EventDate "2023.03.29"]
[EventType "swiss"]
[EventRounds "9"]
[EventCountry "ISL"]
[SourceTitle "CBM 213 Extra"]
[Source "ChessBase"]
[SourceDate "2023.05.31"]
[SourceVersion "1"]
[SourceVersionDate "2023.05.31"]
[SourceQuality "1"]

1. d4 d6 2. e4 Nf6 3. Nc3 g6 4. Bf4 c6 5. Qd2 Nbd7 6. 0-0-0 Qa5 7. Kb1 b5 8. f3 Bg7 9. g4 0-0 10. Bh6 b4 11. Nce2 c5 12. Bxg7 Kxg7 13. g5 Nh5 14. d5 Ba6 15. Ng3 Bxf1 16. Rxf1 c4 17. Nxh5+ gxh5 18. Ne2 c3 19. Qd4+ Kg8 20. Nf4 Qc5 21. Qxc5 Nxc5 22. bxc3 bxc3 23. Ka1 Na4 24. Rb1 Rab8 25. Rb3 Rfc8 26. Nxh5 Rb6 27. Ng3 Rc4 28. Rhb1 Rd4 29. Ne2 Rd2 30. Nxc3 Nc5 31. Rxb6 axb6 32. Rxb6 Rxc2 33. Nd1 Rxh2 34. Kb1 Rh3 35. Ne3 Kg7 36. Rb8 Rxf3 37. Nf5+ 1-0

[Event "EU-chT Seniors 65"]
[Site "Dresden"]
[Date "2022.11.03"]
[Round "8.1"]
[White "Karason, Askell Orn"]
[Black "Large, Peter G"]
[Result "0-1"]
[WhiteElo "2146"]
[BlackElo "2257"]
[PlyCount "46"]
[EventDate "2022.10.27"]
[EventType "team-swiss"]
[EventRounds "9"]
[EventCountry "GER"]
[SourceTitle "EXT 2024"]
[Source "ChessBase"]
[SourceDate "2023.10.10"]
[SourceVersion "1"]
[SourceVersionDate "2023.10.10"]
[SourceQuality "1"]
[WhiteTeam "Iceland 65"]
[BlackTeam "England 65"]
[WhiteTeamCountry "ISL"]
[BlackTeamCountry "ENG"]

1. Nf3 Nf6 2. c4 e6 3. g3 b6 4. Bg2 Bb7 5. 0-0 c5 6. Nc3 a6 7. d4 cxd4 8. Qxd4 Nc6 9. Qf4 Ne7 10. Rd1 Ng6 11. Qd4 Bc5 12. Qd2 h5 13. Ng5 Bxg2 14. Kxg2 Qc7 15. Nce4 h4 16. Nxf6+ gxf6 17. Ne4 Be7 18. b3 hxg3 19. hxg3 Qe5 20. Qxd7+ Kf8 21. Qb7 Ra7 22. f4 Qf5 23. Qc6 Rc7 0-1

[Event "Reykjavik Kvika op"]
[Site "Reykjavik"]
[Date "2022.04.09"]
[Round "5"]
[White "Karason, Askell Orn"]
[Black "Hughes, Anthony"]
[Result "1-0"]
[WhiteElo "2166"]
[BlackElo "1869"]
[PlyCount "83"]
[EventDate "2022.04.06"]
[EventType "swiss"]
[EventRounds "9"]
[EventCountry "ISL"]
[SourceTitle "CBM 207 Extra"]
[Source "ChessBase"]
[SourceDate "2022.05.31"]
[SourceVersion "1"]
[SourceVersionDate "2022.05.31"]
[SourceQuality "1"]

1. d4 d5 2. c4 e6 3. Nc3 Nf6 4. cxd5 exd5 5. Bg5 c6 6. e3 h6 7. Bh4 Be7 8. Qc2 0-0 9. Bd3 Re8 10. Nge2 a5 11. 0-0 b5 12. Rad1 b4 13. Na4 Ne4 14. Bxe4 Bxh4 15. Bh7+ Kh8 16. Bd3 Ba6 17. Bxa6 Rxa6 18. Qd3 Ra7 19. Rc1 Be7 20. Rc2 Bd6 21. Ng3 g6 22. Nc5 h5 23. Rfc1 Qg5 24. Nf1 f5 25. f3 Qf6 26. Rf2 Qg5 27. Rfc2 Qf6 28. b3 h4 29. Qd1 Bf8 30. Nd3 Bd6 31. f4 Rh7 32. Ne5 Bxe5 33. dxe5 Qe6 34. Nd2 d4 35. exd4 h3 36. Nf3 Qd5 37. Ng5 Rd7 38. Rd2 Na6 39. Qe2 Nc7 40. Qd3 Nb5 41. Qxh3+ Kg8 42. Rc5 1-0

[Event "ISL-chT1 2122"]
[Site "Reykjavik"]
[Date "2022.03.05"]
[Round "8.1"]
[White "Karason, Askell Orn"]
[Black "Kjartansson, David"]
[Result "1-0"]
[WhiteElo "2186"]
[BlackElo "2305"]
[PlyCount "107"]
[EventDate "2021.09.30"]
[EventType "team-tourn"]
[EventRounds "10"]
[EventCountry "ISL"]
[SourceTitle "EXT 2023"]
[Source "ChessBase"]
[SourceDate "2022.10.05"]
[SourceVersion "1"]
[SourceVersionDate "2022.10.05"]
[SourceQuality "1"]
[WhiteTeam "Skakfelag Akureyrar"]
[BlackTeam "Vikingaklubburinn"]
[WhiteTeamCountry "ISL"]
[BlackTeamCountry "ISL"]

1. d4 Nf6 2. c4 e6 3. Nc3 d5 4. cxd5 Nxd5 5. e4 Nxc3 6. bxc3 c5 7. a3 g6 8. Nf3 Bg7 9. Be2 0-0 10. 0-0 Nc6 11. Be3 Qa5 12. Qb3 Qc7 13. dxc5 Na5 14. Qb4 Bd7 15. Nd4 Rfc8 16. Nb5 Bxb5 17. Qxb5 Bf8 18. Rfd1 Bxc5 19. Bxc5 a6 20. Qb6 Qxc5 21. Rd8+ Rxd8 22. Qxc5 Nb3 23. Qb4 Nxa1 24. Qb2 Rac8 25. Qxa1 Rd2 26. Kf1 Rc2 27. c4 Rd8 28. h4 Rdd2 29. Bf3 Rxc4 30. Kg1 b5 31. h5 gxh5 32. Qf6 Rc1+ 33. Kh2 Rcc2 34. Kg3 Rxf2 35. Qg5+ Kf8 36. Qxh5 Rfd2 37. Qxh7 Ke7 38. Qh4+ Ke8 39. Qh8+ Ke7 40. Qb8 Kf6 41. Kf4 Rd3 42. Qf8 Rc4 43. Qh8+ Ke7 44. Be2 Rxa3 45. Bxc4 bxc4 46. Qd4 Ra2 47. Qc5+ Ke8 48. g4 Rc2 49. Ke5 Rc1 50. g5 c3 51. g6 fxg6 52. Kxe6 Kd8 53. Qf8+ Kc7 54. Qf4+ 1-0

[Event "ISL-chT1 2122"]
[Site "Reykjavik"]
[Date "2022.03.04"]
[Round "7.1"]
[White "Ingvason, Johann"]
[Black "Karason, Askell Orn"]
[Result "1-0"]
[WhiteElo "2147"]
[BlackElo "2186"]
[PlyCount "79"]
[EventDate "2021.09.30"]
[EventType "team-tourn"]
[EventRounds "10"]
[EventCountry "ISL"]
[SourceTitle "EXT 2024"]
[Source "ChessBase"]
[SourceDate "2023.10.10"]
[SourceVersion "1"]
[SourceVersionDate "2023.10.10"]
[SourceQuality "1"]
[WhiteTeam "Breidjablik Bolungarvik"]
[BlackTeam "Skakfelag Akureyrar"]
[WhiteTeamCountry "ISL"]
[BlackTeamCountry "ISL"]

1. e4 d6 2. d4 Nf6 3. Bd3 e5 4. Ne2 Be7 5. d5 0-0 6. Ng3 c6 7. c4 Na6 8. Nc3 cxd5 9. cxd5 Nc5 10. Bc2 a5 11. a4 Ne8 12. 0-0 Bg5 13. Nb5 g6 14. Ra3 Bd7 15. Bxg5 Qxg5 16. Nf5 Nxe4 17. Bxe4 Bxf5 18. Bxf5 Qxf5 19. Qd2 Rc8 20. Qxa5 Rc2 21. Qb4 Qd7 22. Rb3 Nf6 23. Qxd6 Qxd6 24. Nxd6 Nxd5 25. Rxb7 Nf4 26. a5 Rd8 27. Nxf7 Rdd2 28. Nh6+ Kf8 29. a6 Rxb2 30. a7 Ra2 31. Ng4 Ne2+ 32. Kh1 Rd8 33. Nxe5 Nd4 34. Rxh7 Kg8 35. Rb7 Rd5 36. Rc1 Rc5 37. Nd3 Rxc1+ 38. Nxc1 Ra1 39. Rc7 Nc6 40. Rxc6 1-0

[Event "ISL-chT1 2122"]
[Site "Reykjavik"]
[Date "2021.10.01"]
[Round "2.1"]
[White "Karason, Askell Orn"]
[Black "Ingvason, Johann"]
[Result "1/2-1/2"]
[WhiteElo "2270"]
[BlackElo "2182"]
[PlyCount "100"]
[EventDate "2021.09.30"]
[EventType "team-tourn"]
[EventRounds "10"]
[EventCountry "ISL"]
[SourceTitle "EXT 2022"]
[Source "ChessBase"]
[SourceDate "2021.10.06"]
[SourceVersion "1"]
[SourceVersionDate "2021.10.06"]
[SourceQuality "1"]
[WhiteTeam "Skakfelag Akureyrar"]
[BlackTeam "Breidjablik Bolungarvik"]
[WhiteTeamCountry "ISL"]
[BlackTeamCountry "ISL"]

1. d4 Nf6 2. c4 c5 3. d5 b5 4. cxb5 a6 5. e3 g6 6. Nc3 Bg7 7. Nf3 0-0 8. a4 d6 9. e4 Nbd7 10. Be2 axb5 11. Bxb5 Ba6 12. Bg5 Qa5 13. 0-0 Bxb5 14. axb5 Qb4 15. Qc2 h6 16. Bd2 Nb6 17. Ra6 Rxa6 18. bxa6 Qa5 19. e5 dxe5 20. Nxe5 Qxa6 21. Nxg6 fxg6 22. Qxg6 Qc8 23. Bxh6 Qg4 24. Qxg4 Nxg4 25. Bxg7 Kxg7 26. Re1 Rd8 27. h3 Nf6 28. Rxe7+ Kg6 29. Rc7 Nbxd5 30. Rxc5 Nf4 31. Rc6 Kf7 32. b4 Rb8 33. b5 N4d5 34. Nxd5 Nxd5 35. Rc5 Ke6 36. h4 Kd6 37. Rc6+ Ke5 38. g3 Rxb5 39. Kg2 Rb2 40. Kf3 Rb3+ 41. Kg4 Nf6+ 42. Kh3 Rb2 43. f4+ Kf5 44. Rc5+ Ke4 45. Rc6 Rb1 46. Rc4+ Kf5 47. g4+ Nxg4 48. Rc5+ Kxf4 49. Rc4+ Kf5 50. Rxg4 Rh1+ 1/2-1/2

[Event "EU-ch 21st"]
[Site "Reykjavik"]
[Date "2021.08.28"]
[Round "3"]
[White "Omarsson, Josef"]
[Black "Karason, Askell Orn"]
[Result "0-1"]
[WhiteElo "1211"]
[BlackElo "2270"]
[PlyCount "78"]
[EventDate "2021.08.26"]
[EventType "swiss"]
[EventRounds "11"]
[EventCountry "ISL"]
[SourceTitle "CBM 204"]
[Source "ChessBase"]
[SourceDate "2021.10.31"]
[SourceVersion "1"]
[SourceVersionDate "2021.10.31"]
[SourceQuality "1"]

1. d4 Nf6 2. Bf4 d5 3. e3 c5 4. Nf3 Nc6 5. c3 Qb6 6. Qc1 Bf5 7. Nbd2 Rc8 8. Be2 h6 9. h3 e6 10. Nb3 c4 11. Nbd2 Be7 12. 0-0 Qd8 13. b3 b5 14. b4 0-0 15. a4 bxa4 16. Rxa4 a5 17. bxa5 Nxa5 18. Qb2 Ne4 19. Rfa1 Nb3 20. Nxb3 Qb6 21. Bd1 cxb3 22. Ra6 Qb5 23. Be2 Qd7 24. Ne5 Qe8 25. Rc1 Ra8 26. Rxa8 Qxa8 27. Qxb3 Rb8 28. Qd1 Ba3 29. Ra1 Rb2 30. Qd3 Ng3 31. Qd1 Nxe2+ 32. Kh2 Nxf4 33. exf4 Qa6 34. Qh5 Rb7 35. g4 Qe2 36. gxf5 Qxh5 37. Rxa3 Qxf5 38. Kg3 g5 39. fxg5 hxg5 0-1

[Event "EU-ch 21st"]
[Site "Reykjavik"]
[Date "2021.08.27"]
[Round "2"]
[White "Karason, Askell Orn"]
[Black "Jonsson, Olafur Gisli"]
[Result "0-1"]
[WhiteElo "2270"]
[BlackElo "1800"]
[PlyCount "150"]
[EventDate "2021.08.26"]
[EventType "swiss"]
[EventRounds "11"]
[EventCountry "ISL"]
[SourceTitle "CBM 204"]
[Source "ChessBase"]
[SourceDate "2021.10.31"]
[SourceVersion "1"]
[SourceVersionDate "2021.10.31"]
[SourceQuality "1"]

1. d4 d5 2. c4 c6 3. Nc3 Nf6 4. Nf3 e6 5. Bg5 h6 6. Bh4 Be7 7. e3 Nbd7 8. Qc2 0-0 9. a3 b6 10. cxd5 exd5 11. Bd3 Bb7 12. 0-0 Rc8 13. Rfd1 Re8 14. b4 c5 15. bxc5 bxc5 16. Qb2 Qb6 17. Qxb6 Nxb6 18. Bf5 Rcd8 19. Nb5 g6 20. dxc5 Nc4 21. Bc2 g5 22. Bg3 Bxc5 23. a4 Ne4 24. Nc7 Re7 25. Bb3 Nxe3 26. Rdc1 Bb6 27. Nb5 Nxg3 28. hxg3 Ng4 29. Nfd4 Ba5 30. Nf5 Re2 31. Nbd4 Rb2 32. Rab1 Rxb1 33. Rxb1 Bc8 34. Bxd5 Bb6 35. Bf3 Ne5 36. Ne7+ Kf8 37. Ndf5 Nxf3+ 38. gxf3 Be6 39. Rb2 Re8 40. g4 Rxe7 41. Nxe7 Kxe7 42. a5 Bc5 43. Rb8 Bd4 44. Rb4 Bc5 45. Rb8 Kf6 46. Rb5 Bd4 47. Rb4 Ke5 48. Kg2 Kd5 49. f4 gxf4 50. Kf3 Kc5 51. Rb8 Bd5+ 52. Kxf4 Bxf2 53. a6 Kc6 54. Rh8 Kb5 55. Rxh6 Bc4 56. g5 Bb6 57. g6 fxg6 58. Rxg6 Kxa6 59. Ke4 Kb5 60. Rh6 Kb4 61. Rh7 Bc5 62. Rb7+ Bb5 63. Rb8 a5 64. Kd5 a4 65. Ra8 Bc4+ 66. Kc6 Bb3 67. Rb8+ Kc4 68. Rb5 Bd4 69. Ra5 Bb2 70. Rc5+ Kd3 71. Rh5 a3 72. Rh3+ Kc2 73. Rh2+ Kb1 74. Kb5 a2 75. Rh1+ Bc1 0-1

[Event "ISL-ch Online Rapid"]
[Site "Tornelo INT"]
[Date "2020.12.26"]
[Round "3"]
[White "Eliasson, Kristjan Orn"]
[Black "Karason, Askell Orn"]
[Result "0-1"]
[WhiteElo "1770"]
[BlackElo "2274"]
[PlyCount "102"]
[EventDate "2020.12.26"]
[EventType "tourn (rapid)"]
[EventRounds "7"]
[EventCountry "ISL"]
[SourceTitle "CBM 199 Extra"]
[Source "ChessBase"]
[SourceDate "2021.01.31"]
[SourceVersion "1"]
[SourceVersionDate "2021.01.31"]
[SourceQuality "1"]

1. e4 c5 2. Nf3 Nc6 3. Nc3 g6 4. d4 cxd4 5. Nxd4 Bg7 6. Be3 Nf6 7. Be2 0-0 8. 0-0 d6 9. h3 Bd7 10. a3 Nxd4 11. Bxd4 Bc6 12. f3 e5 13. Bf2 d5 14. exd5 Nxd5 15. Nxd5 Bxd5 16. c3 b6 17. Qc2 Qg5 18. Rad1 Rfd8 19. c4 Bb7 20. b3 h5 21. Rxd8+ Rxd8 22. Rd1 Bf8 23. Rxd8 Qxd8 24. Be3 Bxa3 25. Qc3 Qd6 26. Kh1 Bc5 27. Bg5 Qd4 28. Qxd4 Bxd4 29. Bd2 f5 30. g3 Kf7 31. Kg2 Ke6 32. Bb4 a5 33. Bd2 e4 34. fxe4 Bxe4+ 35. Kf1 Bc2 36. g4 hxg4 37. hxg4 Bxb3 38. gxf5+ gxf5 39. Bd3 a4 40. Bb4 Bb2 41. c5 bxc5 42. Bxc5 a3 43. Bxa3 Bxa3 44. Kf2 Bd5 45. Bb5 f4 46. Be8 Ke5 47. Bg6 Bc5+ 48. Kf1 f3 49. Bd3 Kf4 50. Bb5 Ke3 51. Ba6 Be4 0-1

[Event "Wch Seniors 65 29th"]
[Site "Bucharest"]
[Date "2019.11.16"]
[Round "5"]
[White "Lucena, Lincoln"]
[Black "Karason, Askell Orn"]
[Result "1/2-1/2"]
[WhiteElo "2112"]
[BlackElo "2271"]
[PlyCount "30"]
[EventDate "2019.11.12"]
[EventType "swiss"]
[EventRounds "11"]
[EventCountry "ROU"]
[SourceTitle "CBM 193 Extra"]
[Source "ChessBase"]
[SourceDate "2020.01.31"]
[SourceVersion "1"]
[SourceVersionDate "2020.01.31"]
[SourceQuality "1"]

1. c4 Nf6 2. Nc3 e5 3. Nf3 Nc6 4. Qc2 g6 5. g3 Bg7 6. Bg2 0-0 7. 0-0 d5 8. cxd5 Nxd5 9. Nxd5 Qxd5 10. d3 Qd6 11. Be3 Nd4 12. Nxd4 exd4 13. Bf4 Be5 14. Bxe5 Qxe5 15. Rac1 c6 1/2-1/2

[Event "ISL-chT1 1920"]
[Site "Reykjavik"]
[Date "2019.10.05"]
[Round "4.5"]
[White "Karason, Askell Orn"]
[Black "Edvardsson, Kristjan"]
[Result "1-0"]
[WhiteElo "2248"]
[BlackElo "2191"]
[PlyCount "109"]
[EventDate "2019.10.03"]
[EventType "team-tourn"]
[EventRounds "9"]
[EventCountry "ISL"]
[SourceTitle "CBM 195 Extra"]
[Source "ChessBase"]
[SourceDate "2020.05.31"]
[SourceVersion "1"]
[SourceVersionDate "2020.05.31"]
[SourceQuality "1"]
[WhiteTeam "Skakfelag Akureyrar"]
[BlackTeam "Skakfelagidj Huginn"]
[WhiteTeamCountry "ISL"]
[BlackTeamCountry "ISL"]

1. Nf3 c5 2. c4 e6 3. g3 b6 4. Bg2 Bb7 5. 0-0 Nf6 6. b3 Be7 7. Bb2 0-0 8. Nc3 a6 9. Rc1 d6 10. d4 cxd4 11. Qxd4 Qc7 12. Rfd1 Nbd7 13. Ng5 Bxg2 14. Kxg2 Rfd8 15. Nge4 Nc5 16. f3 Qb7 17. Nxf6+ Bxf6 18. Qd2 b5 19. b4 Nd7 20. Ne4 Bxb2 21. Qxb2 Nb6 22. cxb5 axb5 23. Nxd6 Rxd6 24. Rxd6 Nc4 25. Rxc4 bxc4 26. b5 c3 27. Qb3 c2 28. Qxc2 Qxb5 29. Rc6 Qb7 30. Rc7 Qa6 31. Qc4 g6 32. a4 Qxc4 33. Rxc4 Kf8 34. Kf2 Ke7 35. Ke3 Kd6 36. Kd3 e5 37. Kc3 f5 38. Kb3 Ra7 39. Rb4 Kd5 40. e3 g5 41. Rb5+ Kd6 42. a5 f4 43. gxf4 gxf4 44. e4 Rg7 45. Rd5+ Kc6 46. Rxe5 Rg2 47. Rf5 Rxh2 48. Rxf4 h5 49. Kc4 Rc2+ 50. Kd3 Ra2 51. Rf6+ Kd7 52. a6 h4 53. Rh6 Ra3+ 54. Ke2 Ra2+ 55. Ke3 1-0

[Event "WchT Seniors 65"]
[Site "Rhodes"]
[Date "2019.04.24"]
[Round "9.6"]
[White "Pedersen, Svend"]
[Black "Karason, Askell Orn"]
[Result "0-1"]
[WhiteElo "2178"]
[BlackElo "2252"]
[PlyCount "80"]
[EventDate "2019.04.16"]
[EventType "team-swiss"]
[EventRounds "9"]
[EventCountry "GRE"]
[SourceTitle "CBM 190 Extra"]
[Source "ChessBase"]
[SourceDate "2019.07.15"]
[SourceVersion "1"]
[SourceVersionDate "2019.07.15"]
[SourceQuality "1"]
[WhiteTeam "Norresundby"]
[BlackTeam "Iceland II"]
[WhiteTeamCountry "DEN"]
[BlackTeamCountry "ISL"]

1. e4 c5 2. Nc3 Nc6 3. g3 g6 4. Bg2 Bg7 5. d3 d6 6. Nh3 Nf6 7. 0-0 0-0 8. f4 Bg4 9. Qd2 Nd4 10. Kh1 Rc8 11. Ng1 b5 12. h3 Bd7 13. Qf2 Bc6 14. Nd5 b4 15. c3 bxc3 16. bxc3 Nb5 17. Bd2 Nd7 18. a4 Nc7 19. Nxc7 Qxc7 20. d4 Nb6 21. dxc5 dxc5 22. Qxc5 Bxe4 23. Qxc7 Bxg2+ 24. Kxg2 Rxc7 25. Ne2 Nc4 26. Ra2 Rd8 27. Bc1 Rd5 28. Nd4 Bxd4 29. cxd4 Rxd4 30. f5 Rb7 31. Rc2 f6 32. a5 Nxa5 33. Be3 Re4 34. Bh6 gxf5 35. Rxf5 Nc4 36. Kf3 Nd6 37. Ra5 Rc4 38. Rxc4 Nxc4 39. Ra6 Kf7 40. Ke4 Rb3 0-1

[Event "WchT Seniors 65"]
[Site "Rhodes"]
[Date "2019.04.17"]
[Round "2.1"]
[White "Sveshnikov, Evgeny"]
[Black "Karason, Askell Orn"]
[Result "1-0"]
[WhiteElo "2481"]
[BlackElo "2252"]
[PlyCount "65"]
[EventDate "2019.04.16"]
[EventType "team-swiss"]
[EventRounds "9"]
[EventCountry "GRE"]
[SourceTitle "CBM 190 Extra"]
[Source "ChessBase"]
[SourceDate "2019.07.15"]
[SourceVersion "1"]
[SourceVersionDate "2019.07.15"]
[SourceQuality "1"]
[WhiteTeam "Russia 65+"]
[BlackTeam "Iceland II"]
[WhiteTeamCountry "RUS"]
[BlackTeamCountry "ISL"]

1. e4 d6 2. d4 Nf6 3. Nc3 g6 4. Be3 c6 5. h3 Nbd7 6. Nf3 e5 7. a4 Bg7 8. dxe5 dxe5 9. Bc4 0-0 10. a5 Qe7 11. 0-0 Nc5 12. Nd2 Be6 13. Bxc5 Qxc5 14. Bxe6 fxe6 15. Nb3 Qe7 16. g3 Rf7 17. Qe2 Raf8 18. Rad1 Nh5 19. Rd3 Bh6 20. Na4 Re8 21. Nac5 Nf6 22. a6 bxa6 23. Rfd1 Qc7 24. Rd6 Bf8 25. Rxe6 Bxc5 26. Nxc5 Rd8 27. Rxd8+ Qxd8 28. Rxc6 h6 29. Qd3 Qa5 30. Kg2 Qe1 31. Qf3 Kg7 32. Ne6+ Kh7 33. Nd8 1-0

[Event "ISL-chT1 1819"]
[Site "Reykjavik"]
[Date "2018.11.10"]
[Round "3.2"]
[White "Karason, Askell Orn"]
[Black "Stefansson, Hannes"]
[Result "0-1"]
[WhiteElo "2268"]
[BlackElo "2498"]
[PlyCount "94"]
[EventDate "2018.11.08"]
[EventType "team-tourn"]
[EventRounds "9"]
[EventCountry "ISL"]
[SourceTitle "CBM 187 Extra"]
[Source "ChessBase"]
[SourceDate "2018.11.04"]
[SourceVersion "1"]
[SourceVersionDate "2018.11.04"]
[SourceQuality "1"]
[WhiteTeam "Skakfelag Akureyrar"]
[BlackTeam "Skakfelagidj Huginn"]
[WhiteTeamCountry "ISL"]
[BlackTeamCountry "ISL"]

1. Nf3 Nf6 2. c4 b6 3. g3 Bb7 4. Bg2 g6 5. 0-0 Bg7 6. Nc3 0-0 7. Re1 d5 8. cxd5 Nxd5 9. Nxd5 Bxd5 10. d3 c5 11. Qa4 e6 12. a3 a5 13. Rb1 Bc6 14. Qc2 a4 15. Be3 e5 16. b4 axb3 17. Qxb3 Ra6 18. Nd2 Ba4 19. Qd5 Qc7 20. Qb7 Rc8 21. Nc4 b5 22. Nb2 Bb3 23. Qxb5 Rb6 24. Qxc5 Qxc5 25. Bxc5 Rxc5 26. Na4 Bxa4 27. Rxb6 Nc6 28. Ra6 Na5 29. Rb1 Bf8 30. Bf3 Bd7 31. Kg2 Kg7 32. Ra7 Be6 33. a4 Nb3 34. Rb2 Kh6 35. Ra6 Nd4 36. Be4 Rc1 37. e3 Nc2 38. h4 Ne1+ 39. Kh2 Bg4 40. Rab6 f5 41. Rb1 Rxb1 42. Rxb1 fxe4 43. dxe4 Nf3+ 44. Kg2 Nd2 45. Rb5 Bf3+ 46. Kg1 Bxe4 47. a5 Nf3+ 0-1

[Event "EU-ch Seniors 65 18th"]
[Site "Drammen"]
[Date "2018.08.09"]
[Round "6"]
[White "Karason, Askell Orn"]
[Black "Lederman, Leon S"]
[Result "1-0"]
[WhiteElo "2217"]
[BlackElo "2245"]
[PlyCount "105"]
[EventDate "2018.08.04"]
[EventType "swiss"]
[EventRounds "9"]
[EventCountry "NOR"]
[SourceTitle "CBM 186 Extra"]
[Source "ChessBase"]
[SourceDate "2018.08.24"]
[SourceVersion "1"]
[SourceVersionDate "2018.08.24"]
[SourceQuality "1"]

1. d4 d5 2. c4 e6 3. Nc3 Nf6 4. cxd5 exd5 5. Bg5 Be7 6. e3 Nbd7 7. Qc2 c6 8. Bd3 0-0 9. Nge2 Re8 10. 0-0 Nf8 11. f3 g6 12. Rad1 Ne6 13. Bh4 Ng7 14. e4 dxe4 15. fxe4 Ng4 16. Bxe7 Qxe7 17. Qd2 f5 18. h3 Nf6 19. e5 Nd7 20. Bc4+ Kh8 21. Qh6 Nf8 22. Ne4 Be6 23. Bxe6 Ngxe6 24. Nd6 Red8 25. g4 Ng7 26. Ng3 Rxd6 27. exd6 Qxd6 28. Qf4 Qxf4 29. Rxf4 Nge6 30. Rf2 f4 31. Ne4 Rd8 32. Rfd2 Nc7 33. d5 Rxd5 34. Rxd5 Nxd5 35. Nc3 Ne7 36. Re1 Nd5 37. Nxd5 cxd5 38. Re7 a6 39. Rxb7 Ne6 40. Rd7 d4 41. Rd6 Ng5 42. h4 Nf3+ 43. Kf2 Nxh4 44. Rxa6 g5 45. b4 Kg7 46. b5 h5 47. b6 hxg4 48. b7 g3+ 49. Ke2 f3+ 50. Kd2 f2 51. b8Q f1Q 52. Qe5+ Kf7 53. Qc7+ 1-0

[Event "EU-ch Seniors 65 18th"]
[Site "Drammen"]
[Date "2018.08.05"]
[Round "2"]
[White "Karason, Askell Orn"]
[Black "Anguera Maestro, Jaime"]
[Result "1-0"]
[WhiteElo "2217"]
[BlackElo "2042"]
[PlyCount "107"]
[EventDate "2018.08.04"]
[EventType "swiss"]
[EventRounds "9"]
[EventCountry "NOR"]
[SourceTitle "CBM 186 Extra"]
[Source "ChessBase"]
[SourceDate "2018.08.24"]
[SourceVersion "1"]
[SourceVersionDate "2018.08.24"]
[SourceQuality "1"]

1. d4 d5 2. c4 e6 3. Nc3 Nf6 4. cxd5 exd5 5. Bg5 c6 6. e3 Be7 7. Qc2 h6 8. Bh4 0-0 9. Bd3 b6 10. Nf3 Ba6 11. Bxa6 Nxa6 12. Qe2 Nb8 13. Rc1 Ne4 14. Bxe7 Qxe7 15. Nxe4 Qxe4 16. 0-0 f6 17. Rc3 a5 18. Rfc1 Ra7 19. Ne1 Re8 20. Qh5 Rae7 21. a3 Qe6 22. Nd3 Qf7 23. Qd1 b5 24. g3 Ra7 25. Nf4 Rd7 26. Rc5 Red8 27. a4 bxa4 28. Qxa4 h5 29. h4 g5 30. Ng2 Qe6 31. Qd1 Qf7 32. Rxa5 Rb7 33. Qc2 Kg7 34. Ra8 Qg6 35. Qc3 Qe4 36. Rca1 Rdd7 37. b4 Qf3 38. R8a5 Qe2 39. R1a2 Qc4 40. Qxc4 dxc4 41. R5a4 Rb6 42. Rc2 Rdb7 43. Rxc4 Na6 44. Ra5 Kh6 45. hxg5+ fxg5 46. Ne1 Nxb4 47. Re5 Rf7 48. Re6+ Kg7 49. Rc5 Nd5 50. Rexc6 Rb1 51. Rxd5 Rxe1+ 52. Kg2 Re2 53. Rxg5+ Kf8 54. Rc8+ 1-0

[Event "ISL-chT 1718"]
[Site "Reykjavik"]
[Date "2018.03.03"]
[Round "8.5"]
[White "Karason, Askell Orn"]
[Black "Pantzar, Milton"]
[Result "0-1"]
[WhiteElo "2255"]
[BlackElo "2263"]
[PlyCount "66"]
[EventDate "2017.10.19"]
[EventType "team-tourn"]
[EventRounds "9"]
[EventCountry "ISL"]
[SourceTitle "EXT 2019"]
[Source "ChessBase"]
[SourceDate "2018.10.10"]
[SourceVersion "1"]
[SourceVersionDate "2018.10.10"]
[SourceQuality "1"]
[WhiteTeam "Akureyri"]
[BlackTeam "Gardabaer"]
[WhiteTeamCountry "ISL"]
[BlackTeamCountry "ISL"]

1. d4 Nf6 2. c4 e6 3. Nc3 Bb4 4. e3 0-0 5. Nge2 Re8 6. a3 Bf8 7. d5 a5 8. g3 Na6 9. Bg2 Nc5 10. b3 exd5 11. cxd5 b6 12. Bb2 Ba6 13. Nc1 Nce4 14. Nxe4 Nxe4 15. Qd4 Qe7 16. Bf1 Bxf1 17. Kxf1 Qg5 18. f4 Qg4 19. Kg2 Bc5 20. Qd1 Qxd1 21. Rxd1 Bxe3 22. Nd3 Nc5 23. Nxc5 Bxc5 24. Rd2 Re3 25. Bd4 Bxd4 26. Rxd4 Rxb3 27. Rc1 Rc8 28. Rdc4 Kf8 29. Rxc7 Rxc7 30. Rxc7 Ke7 31. a4 Rb4 32. Rb7 Kd6 33. Rb8 Kxd5 0-1

[Event "Runavik op"]
[Site "Runavik"]
[Date "2017.11.23"]
[Round "5"]
[White "Ulybin, Mikhail"]
[Black "Karason, Askell Orn"]
[Result "1-0"]
[WhiteElo "2528"]
[BlackElo "2249"]
[PlyCount "126"]
[EventDate "2017.11.20"]
[EventType "swiss"]
[EventRounds "9"]
[EventCountry "FAI"]
[SourceTitle "CBM 181 Extra"]
[Source "ChessBase"]
[SourceDate "2017.12.12"]
[SourceVersion "1"]
[SourceVersionDate "2017.12.12"]
[SourceQuality "1"]

1. e4 c5 2. Nf3 Nc6 3. Bb5 d6 4. 0-0 Bd7 5. c3 Nf6 6. Re1 a6 7. Bf1 Bg4 8. d3 e6 9. h3 Bh5 10. Bg5 Be7 11. Nbd2 h6 12. Bh4 d5 13. Qb3 0-0 14. e5 Nd7 15. Qxb7 Bxh4 16. Qxc6 Be7 17. Qa4 Qc7 18. c4 d4 19. g3 Rfb8 20. Rab1 Rb4 21. Qc2 a5 22. Bg2 Rab8 23. b3 g5 24. Kh1 Bg6 25. Kg1 Bf8 26. Re2 Bg7 27. Rbe1 a4 28. g4 axb3 29. Nxb3 R8b6 30. Qd1 Ra6 31. h4 gxh4 32. Qd2 Rba4 33. Nc1 Ra3 34. Nxh4 Nxe5 35. Qf4 Qd8 36. Rxe5 Bxe5 37. Rxe5 Qxh4 38. Rxc5 R3a5 39. Rc8+ Kg7 40. Qxd4+ e5 41. Qb2 Qxg4 42. Qb8 Kf6 43. Rg8 Kg5 44. Nb3 Rxa2 45. Qxe5+ Qf5 46. Qg3+ Kf6 47. Nd4 Ra1+ 48. Kh2 Qe5 49. Qxe5+ Kxe5 50. Rd8 Rd1 51. Nc6+ Kf4 52. Nb4 Ra3 53. c5 Rb3 54. Nd5+ Ke5 55. c6 Rbxd3 56. c7 Rc1 57. Re8+ Kd6 58. Rd8+ Ke5 59. Re8+ Kd6 60. c8Q Rxc8 61. Rxc8 Ke5 62. Re8+ Kd6 63. Nf4 Rd2 1-0